000
00314nam a22001337a 4500
008
170529b xxu||||| |||| 00| 0 eng d
020
_a
9780805841473
041
_a
eng
080
_a
621.38
100
_a
25
101
_a
IM
245
_a
ELECTRONIC COLLABORATION IN THE HUMANITIES
_c
INMAN, J.A
942
_2
udc
_c
BK
999
_c
14860
_d
14860